El material naval extranjero (Record no. 156889)
[ view plain ]
| 000 -LEADER | |
|---|---|
| campo de control de longitud fija | 00794nam a22001575i 4500 |
| 001 - NÚMERO DE CONTROL | |
| campo de control | 156889 |
| 003 - IDENTIFICADOR DE NÚMERO DE CONTROL | |
| campo de control | ES-MaACL |
| 005 - FECHA Y HORA DE LA ÚLTIMA TRANSACCIÓN | |
| campo de control | 20230906210526.0 |
| 008 - DATOS DE LONGITUD FIJA--INFORMACIÓN GENERAL | |
| campo de control de longitud fija | 950206s1897 sp |||| | spa d |
| 040 ## - FUENTE DE CATALOGACIÓN | |
| Centro catalogador/agencia de origen | GA |
| 100 1# - ENTRADA PRINCIPAL--NOMBRE DE PERSONA | |
| Nombre de persona | Lago de Lanzós, C. |
| 9 (RLIN) | 128591 |
| 245 13 - MENCIÓN DEL TÍTULO | |
| Título | El material naval extranjero |
| Resto del título | : planchas de protección y proyectiles de acero cromado : documentos oficiales y breves consideraciones sobre la gestion cerca del Ministerio de Marina... del representante militar en España de los... propietarios de las Aceries et Forges d'Unieux (Loire) / |
| Mención de responsabilidad, etc. | C. Lago de Lanzós. |
| 260 ## - PUBLICACIÓN, DISTRIBUCIÓN, ETC. | |
| Lugar de publicación, distribución, etc. | Ferrol : |
| Nombre del editor, distribuidor, etc. | [s.n.], |
| Fecha de publicación, distribución, etc. | 1897 ( |
| Fabricante | Imprenta de ¸El Eco Ferrolano¸) |
| 300 ## - DESCRIPCIÓN FÍSICA | |
| Extensión | 48 p. ; |
| Dimensiones | 21 cm. |
| 852 ## - LOCALIZACIÓN | |
| Ubicación | ES-MaACL |
| Número de control de estantería | T-850-F-2 |
| Nota libre | -- Enc. hol., conservando la cub. original |
| -- | -- Enc. en un vol. facticio |
| Estatus retirado | Estado de pérdida | Estado de daño | No para préstamo | Colección | Biblioteca de origen | Biblioteca actual | Ubicación en estantería | Fecha de adquisición | Total de préstamos | Signatura topográfica completa | Código de barras | Visto por última vez | Precio de reemplazo | Tipo de ítem Koha |
|---|---|---|---|---|---|---|---|---|---|---|---|---|---|---|
| Colección de folletos | Biblioteca del Ateneo de Madrid | Biblioteca del Ateneo de Madrid | Depósito folletos | 17/01/2008 | T-850-F-2 | 1164145 | 23/02/2023 | 23/02/2023 | Folleto |
